| 000 | 01820nam a2200541 i 4500 | ||
|---|---|---|---|
| 001 | 43518 | ||
| 003 | KOSZ 005 | ||
| 005 | 20211217093022.0 | ||
| 008 | 070706s2003 pl a |001 0 pol | ||
| 015 | _aUWD 2007/17843 | ||
| 020 | _a8371979916 | ||
| 035 | _a991035739709705066 | ||
| 035 | _a(PL-WaBN)b19610658-48omnis_nlop | ||
| 035 | _ab19610658 | ||
| 035 | _a(OCoLC)830856273 | ||
| 035 | _a(PL)b0000001961065 | ||
| 035 | _a(EXLNZ-48OMNIS_NETWORK)9910236814105606 | ||
| 040 |
_aWA N _cWA N _dKOSZ 005/HR |
||
| 041 | 1 |
_apol _beng |
|
| 046 | _k2001- | ||
| 080 | _a004.438 | ||
| 080 | _a004.774 | ||
| 080 | _a(07) | ||
| 100 | 1 |
_aGraham, Steve _eAutor |
|
| 245 | 1 | 0 |
_aJava usługi www / _cSteve Graham [et al. ; tł. Grzegorz Kowalski, Cezary Welsyng]. |
| 246 | 1 |
_iTyt. oryg.: _aBuilding Web services with Java : _bmaking sense of XML, SOAP, WSDL, and UDDI, _f2002 |
|
| 260 |
_aGliwice : _bWydawnictwo Helion, _ccop. 2003. |
||
| 300 |
_a538 s. : _bil. ; _c25 cm. |
||
| 336 |
_aTekst _btxt _2rdacontent |
||
| 337 |
_aBez urządzenia pośredniczącego _bn _2rdamedia |
||
| 338 |
_aWolumin _bnc _2rdacarrier |
||
| 380 | _aKsiążki | ||
| 380 | _aPublikacje fachowe | ||
| 388 | _a2001- | ||
| 490 | 1 | _aVademecum Profesjonalisty | |
| 504 | _aIndeks. | ||
| 650 | 7 |
_aJava (język programowania) _2DBN |
|
| 655 | 7 |
_aPodręcznik _2DBN |
|
| 658 | _aInformatyka i technologie informacyjne | ||
| 650 | 7 |
_aStrony WWW _2DBN |
|
| 700 | 1 |
_aKowalski, Grzegorz _eTłumaczenie |
|
| 700 | 1 |
_aWelsyng, Cezary _eTłumaczenie |
|
| 710 | 2 |
_aHelion _4pbl |
|
| 830 | 0 | _aVademecum Profesjonalisty | |
| 856 |
_uhttp://koha.tu.koszalin.pl/cgi-bin/koha/opac-detail.pl?biblionumber=43518 _yKatalog online BPK |
||
| 942 |
_2UKD _cKS |
||
| 999 |
_c43518 _d43518 |
||